000
00239nam a2200097Ia 4500
001
683490
005
20250826161439.0
008
250824s9999 xx 000 0 und d
245
0
_a
VAHŞİ HAVALAR
_c
ANITA GANERİ
260
_b
TİMAŞ YAYINLARI
999
_c
683490
_d
683490